[Event "Vlissingen HZ op 15th"]
[Site "Vlissingen"]
[Date "2011.08.03"]
[Round "6"]
[White "Eisenbeiser, Amadeus"]
[Black "Ikonnikov, Vyacheslav"]
[Result "1-0"]
[WhiteElo "2386"]
[BlackElo "2553"]
[Annotator "Eisenbeiser,A"]
[PlyCount "81"]
[EventDate "2011.07.30"]
[EventType "swiss"]
[EventRounds "9"]
[EventCountry "NED"]
[SourceTitle "CBM 143 Extra"]
[Source "ChessBase"]
[SourceDate "2011.08.29"]
[SourceVersion "1"]
[SourceVersionDate "2011.08.29"]
[SourceQuality "1"]

1. e4 c5 2. Nf3 Nc6 3. c4 e5 4. Nc3 d6 5. d3 g6 6. Be2 Bg7 7. O-O Nge7 8. a3
O-O 9. Rb1 f5 (9... a5) 10. b4 b6 11. b5 $5 (11. Bd2 Be6 (11... Nd4 12. bxc5
dxc5 13. Nxd4 exd4 14. Nd5 Qd7 15. f4 $14) 12. Nd5 h6 13. bxc5 dxc5 14. a4 fxe4
15. dxe4 Qd7 16. Qc1 Kh7 17. Qa3 $14) 11... Na5 $6 {Stellt den Springer ins
Abseits} (11... Nd4 $5 12. Bg5 (12. Nxd4 $2 cxd4 13. Nd5 Nxd5 14. cxd5 Qh4 $15)
12... h6 13. Bxe7 Qxe7 14. Nd5 Qf7 15. Nxd4 exd4 16. exf5 Bxf5 17. Bg4 $14) 12.
Ne1 Be6 13. Bd2 Nb7 14. Nc2 Qd7 15. Ne3 f4 16. Ned5 $16 Rae8 17. a4 Nc8 18. Ra1
Bf6 19. Bf3 Bd8 20. Kh1 Rf7 21. g3 Ref8 22. gxf4 exf4 23. Rg1 Bh4 24. Qe2 Ne7
25. Rae1 Nd8 26. Bc1 g5 $5 27. Nxe7+ Rxe7 28. Nd5 Rg7 $2 (28... Bxd5 $8 29.
cxd5 $16) 29. Bb2 Rg6 30. e5 $3 (30. Bh5 Rh6 31. Ba1) 30... g4 31. exd6 $1 Qxd6
(31... gxf3 32. Qe5 $18) 32. Bxg4 Bxd5+ 33. cxd5 Bf6 34. Bxf6 Rfxf6 35. Qe4 Kg7
36. Bh5 Rxg1+ 37. Rxg1+ Kh8 38. d4 cxd4 (38... c4 39. Qe5 Qxe5 40. dxe5 Rf5 41.
e6 Nb7 42. e7 Nd6 43. e8=Q+ Nxe8 44. Bxe8 Rxd5 45. Bf7 Rd8 46. Bxc4) 39. Qxd4
Nb7 40. Bf7 h5 41. Rg6 1-0

[Event "Petrov Memorial op"]
[Site "St Petersburg"]
[Date "1996.??.??"]
[Round "3"]
[White "Gubanov, Anton"]
[Black "Vasiukov, Evgeni"]
[Result "1/2-1/2"]
[WhiteElo "2375"]
[BlackElo "2505"]
[Annotator "Endgame-CD"]
[PlyCount "167"]
[EventDate "1996.02.??"]
[EventType "swiss"]
[EventRounds "9"]
[EventCountry "RUS"]
[SourceTitle "CBM 052"]
[Source "ChessBase"]
[SourceDate "1996.06.01"]
[SourceVersion "1"]
[SourceVersionDate "1996.06.01"]
[SourceQuality "1"]

1. e4 c5 2. Nf3 Nc6 3. Bb5 Na5 4. c3 a6 5. Be2 Nf6 6. e5 Nd5 7. d4 cxd4 8. O-O
e6 9. Qxd4 b5 10. Nbd2 Bb7 11. a4 b4 12. c4 Nc6 13. Qg4 Nde7 14. Ne4 Ng6 15.
Nd6+ Bxd6 16. exd6 f5 17. Qh5 Qf6 18. Qg5 e5 19. Rd1 Na5 20. Qe3 e4 21. Nd2 O-O
22. Qb6 f4 23. Qxa5 f3 24. Nxf3 exf3 25. Bxf3 Bxf3 26. gxf3 Nh4 27. Qd5+ Kh8
28. f4 Rae8 29. Kh1 Re2 30. Be3 Nf5 31. Qd3 Rxb2 32. Bd4 Nxd4 33. Qxd4 g5 34.
c5 Rc2 35. Qxf6+ Rxf6 36. Rac1 b3 37. Rxc2 bxc2 38. Rc1 Rxf4 39. Rxc2 Rd4 40.
c6 dxc6 41. Rxc6 a5 42. Rc5 h6 43. Rxa5 Rxd6 44. Ra7 Rd4 45. Kg2 Kg8 46. Kf3
Rh4 47. a5 Ra4 48. Ke3 g4 49. Kd3 h5 50. Kc3 h4 51. Kb3 Ra1 52. a6 Kf8 53. Kc4
Ra2 54. Kd4 Ke8 55. Ke4 Kd8 56. Ra8+ Kc7 57. a7 Kb7 58. Rf8 Kxa7 59. Rf4 h3 60.
Ke3 Ra3+ 61. Ke4 Ra2 62. Kf5 g3 63. fxg3 Kb6 64. Rh4 Rxh2 65. Kg4 Kc7 66. Rxh3
$18 Ra2 (66... Rxh3 67. Kxh3 Kd8 68. Kh4 Ke8 69. Kh5 $18) 67. Kg5 $4 (67. Rh7+
$1 Kd8 68. Rf7 $1 $8 Ke8 69. Rf4 Ra7 70. Kh5 $1 $8 {Weiß muß hier auf die
Drohung Rh7 und Rg7 reagieren.} (70. Kh4 $2 Rh7+ 71. Kg4 Rg7+ 72. Kf3 Rf7 $10)
70... Ra5+ (70... Rf7 71. Rxf7 Kxf7 72. Kh6 $18) 71. Kh4 Ra7 72. g4 Rh7+ (72...
Rf7 73. Rxf7 Kxf7 74. Kh5 $18) 73. Kg5 (73. Kg3 $2 Rf7 $10) 73... Ke7 (73...
Rg7+ 74. Kh6 Rg8 75. g5 $18) 74. Kg6 Rh4 75. Kg7 Ke8 76. Rf8+ Ke7 77. g5 Rg4
78. Rf7+ $1 (78. Rf5 $18) (78. g6 $4 Rxg6+ $10) 78... Ke8 79. g6 Rg1 80. Rf4
Ke7 81. Re4+ Kd8 82. Kh6 Rh1+ 83. Kg5 Rg1+ 84. Rg4 $18) (67. Rh6 $1 Kd7 68. Rf6
$18) 67... Ra5+ $1 $10 68. Kg6 Ra6+ $1 69. Kg5 (69. Kf7 Ra3 $1 $10) 69... Ra5+
70. Kh4 Ra8 $1 (70... Kd6 $1 $10) 71. g4 Rh8+ $4 (71... Kd6 $1 $8 72. g5 (72.
Re3 Rh8+ 73. Kg3 Rg8 $8 74. Re4 (74. Kf4 Rf8+ $10) 74... Kd5 $1 $8 75. Ra4 Ke5
$10) (72. Rf3 Rh8+ 73. Kg3 Rg8 74. Rf5 Ke7 75. Kf4 Rf8 $10) 72... Rh8+ 73. Kg4
Rxh3 74. Kxh3 Ke6 $10) (71... Kd7 $4 72. Re3 Rh8+ 73. Kg3 Rg8 74. Re4 Kd6 75.
Kf4 $1 $8 Rf8+ 76. Kg5 Rg8+ 77. Kf6 Rf8+ 78. Kg7 $18) 72. Kg3 $18 Rg8 73. Rh1
$4 (73. Kf4 Rf8+ 74. Kg5 Rg8+ 75. Kf5 Rf8+ 76. Ke6 (76. Kg6 Rg8+ 77. Kf5) 76...
Rg8 77. Rg3 $18) 73... Kd6 $10 74. Re1 Kd5 $1 $8 (74... Rg7 $4 75. Kf4 Rg8 76.
g5 $18) (74... Kd7 $4 75. Re4 $18) 75. Re2 Kd6 $1 $8 76. Re4 Kd5 $2 77. Kf3 Rh8
78. Re7 $5 Kd6 $1 $8 79. Re2 Rf8+ (79... Rg8 $10) 80. Kg3 Rg8 $8 81. Rf2 Ke6
82. Rf5 Rg6 83. Kh4 Rg8 $8 84. Kh5 (84. Kh5 Rh8+ $8 85. Kg5 Rg8+ 86. Kf4 Rg7 (
86... Rg6 $4 87. g5 Rg8 88. Rf6+ $18) 87. g5 Rf7 $10) 1/2-1/2

[Event "EU-Cup 19th"]
[Site "Rethymno"]
[Date "2003.09.30"]
[Round "3.3"]
[White "Rublevsky, Sergei"]
[Black "Gagunashvili, Merab"]
[Result "1-0"]
[WhiteElo "2672"]
[BlackElo "2577"]
[Annotator "Erenburg,S"]
[PlyCount "49"]
[EventDate "2003.09.28"]
[EventType "team-swiss"]
[EventRounds "7"]
[EventCountry "GRE"]
[SourceTitle "CBM 098"]
[Source "ChessBase"]
[SourceDate "2004.02.03"]
[SourceVersion "1"]
[SourceVersionDate "2004.02.03"]
[SourceQuality "1"]
[WhiteTeam "Kazan Ladya"]
[BlackTeam "Tbilisi"]
[WhiteTeamCountry "RUS"]
[BlackTeamCountry "GEO"]

1. e4 c5 2. Nf3 Nc6 3. Bb5 Nf6 {There are some other theoretical possibilities:
} (3... g6) (3... d6) (3... e6) 4. Bxc6 dxc6 5. d3 ({Another possible way to
fight for an advantage is} 5. Nc3 {See commented game 1/2-1/2 Kasparov,
S-Gagunashvili,M/Abu Dhabi 2003/CBM 97_01/[Erenburg] (45)}) 5... Bg4 {It is
known, that in these variations black frequently has a problem of
light-squared bishop, so he solves it with typical exchange. Black tried also}
(5... Nd7 6. e5 Nb6 7. Nbd2 Bf5 8. O-O e6 9. b3 Be7 10. Bb2 O-O 11. Re1 a5 12.
a4 Nd5 13. Ne4 Qc7 $11 {0-1 Bologan,V-Lautier,J/4th Karpov It, Poikovsky RUS
2003 (57)}) (5... g6 6. h3 Bg7 7. Nc3 O-O 8. Be3 b6 9. Qd2 Ne8 10. Bh6 f6 11.
e5 Be6 12. O-O-O Bd5 13. Bxg7 Nxg7 14. Ne4 Qd7 15. Rhe1 Rad8 16. b3 Qc7 17.
exf6 exf6 18. Kb2 Nf5 19. Qc3 Qg7 $11 {0-1 Makarichev,S-Chandler,M/Moscow 1990/
TD (47)}) 6. h3 Bxf3 7. Qxf3 e5 (7... c4 8. dxc4 Qd4 9. Nd2 Rd8 10. c3 Qd7 11.
O-O e5 12. Nb3 Be7 13. Be3 Qd3 14. Na5 Qxe4 15. Qxe4 Nxe4 16. Nxb7 $16 {
1-0 Malakhov,V-Skatchkov,P/Moscow 1996/CBM 56 ext (34)}) 8. Nd2 {White doesn't
want to lose the time on the castle, but tries to develop the intiative as
soon as possible, providing the main plan in this variation- breakthough f2-f4.
But} (8. O-O {is legitimic way to fight for an advantage as well.} Qc7 9. Nd2
Be7 10. Nc4 Nd7 11. Qg3 Bf6 12. f4 O-O 13. f5 Kh8 14. Be3 Qd8 15. Nd2 g5 16.
Qf2 $16 {1-0 Chuprov,D-Markarov,A/St Petersburg 2000/EXT 2001 (37)}) 8... Nd7
9. Qg3 $146 {[%mdl 4] According to my database, this position appeared for the
first time. This move seems to me very strong, as it prevents from black to
complete the development, at the same time, prepares to realize the
breakthough f2-f4. In the previous game white continued} (9. Nc4 b5 10. Ne3 g6
11. Qg3 Bd6 12. Bd2 Nf8 13. Bc3 f6 14. h4 h5 15. a4 $14 {1/2-1/2 Magomedov,
M-Minasian,A/Minsk 1990/CBM 17 (44)}) 9... Qf6 {The alternative to the move in
the game could be} (9... g6 10. Nc4 Qe7 $14) 10. Nc4 Be7 (10... b5 {weakens
too much the queenside.} 11. Ne3 $14) 11. f4 exf4 12. Bxf4 O-O 13. O-O $14 {
We can resume the results of the opening battle as very successful for white.
He has completed the development, occupying very active positions by his
pieces. In this type of pawn structure the breakthrough f2-f4 almost always
promises white better chances.} b6 (13... Qe6 {comes to consideration.}) 14.
Ne3 $1 {[%mdl 2048] White is going to occupy an excelent f5 square by the
knight, which will improve his chances for an attack.} ({deserves attention} 
14. Rae1 {, thus, getting into the game all the pieces.}) 14... Qg6 ({It is
very dangerous to take the pawn on b2:} 14... Qxb2 $2 15. Rab1 Qd4 (15... Qf6
16. Nf5 $40 {[%cal Gf4h6,Gf4c1,Yc1b2]}) (15... Qxa2 16. Nf5 Bf6 17. e5 $18) (
15... Qc3 16. Rb3) 16. Kh2 $1 $40 {[%cal Ge3f5]}) (14... Qe6 $14 {comes to
consideraion.}) 15. Nf5 Bf6 16. Qf3 {Of course, white avoids the trade of
queens, as it gives him better chances to develop the initiative on the
kingside.} Rfe8 (16... Bxb2 $4 17. Ne7+) 17. c3 Rad8 18. Rad1 {Now white is
ready to occupy the center with the breakthough d3-d4.} Ne5 $2 {Serious
mistake. After this move black's pieces on the kingside haven't enough place,
overmore, now white has a very dangerous breakthrough d3-d4.} ({Much better is
} 18... Be5 $1 {This move goes in accordance with a well-known rule, that the
side, who suffers from a lack of space, should trade.} 19. d4 $14 (19. Bc1 $5))
19. Qe2 Bg5 $2 {Probably after this move black can't neutralize white's
initiative.} (19... Re6 {seems like the only move, which allows black to
continue to struggle. But, anyway, after} 20. d4 cxd4 21. cxd4 Nd7 22. Bd6 $16
{[%cal Ge4e5] the position favours white.}) 20. d4 cxd4 (20... Bxf4 21. Rxf4 {
-see 21...Bxf4 variation.}) 21. cxd4 Nd7 ({The last chance was} 21... Bxf4 22.
Rxf4 Qg5 23. Rdf1 Ng6 24. Rg4 Qh5 25. Qc4 $1 $18) 22. Bxg5 $1 Qxg5 23. Rd3 $18
{Now black is hopeless against white's attack.} Nf6 (23... Qf6 24. Rg3 g5 (
24... Kh8 25. e5 $18) 25. Qh5 $18) 24. Rg3 Rxe4 (24... Qh5 25. Rxg7+ Kh8 26. g4
$18) 25. Qf2 {Quite an instractive win by S.Rublevsky in this variation.} 1-0

[Event "EU-chT (Men) 14th"]
[Site "Plovdiv"]
[Date "2003.10.15"]
[Round "5.1"]
[White "Volkmann, Friedrich Karl"]
[Black "Moiseenko, Alexander"]
[Result "1/2-1/2"]
[WhiteElo "2452"]
[BlackElo "2618"]
[Annotator "Erenburg,S"]
[PlyCount "44"]
[EventDate "2003.10.10"]
[EventType "team-swiss"]
[EventRounds "9"]
[EventCountry "BUL"]
[SourceTitle "CBM 098"]
[Source "ChessBase"]
[SourceDate "2004.02.03"]
[SourceVersion "1"]
[SourceVersionDate "2004.02.03"]
[SourceQuality "1"]
[WhiteTeam "Austria"]
[BlackTeam "Ukraine"]
[WhiteTeamCountry "AUT"]
[BlackTeamCountry "UKR"]

1. e4 c5 2. Nf3 Nc6 3. Bb5 e6 4. Bxc6 bxc6 5. d3 {There are many other
theoretical possibilities:} (5. Qe2 {1-0 Kveinys,A-Fedorov,A/Plovdiv 2003/CBM
98/[Erenburg] (38)}) (5. b3 {1/2-1/2 Gelfand,B-Lautier,J/Plovdiv 2003/CBM 98/
[Erenburg] (37)}) (5. O-O Qc7 6. b3 Ne7 7. Ba3 d6 8. c3 Ba6 9. Re1 Ng6 10. d4
Be7 11. dxc5 dxc5 12. Qc2 Qa5 13. Bb2 O-O 14. c4 e5 15. Nc3 f6 $11 {[%cal
Gg6f4,Gf4e6,Ge6d4] 1-0 Ponomariov,R-Dreev,A/Moscow RUS 2002/The Week in Chess
395 (38)}) (5. e5 $6 f6 6. O-O fxe5 7. Nxe5 Nf6 8. c4 d6 9. Ng4 Be7 10. f4 O-O
$15 {1/2-1/2 Sabol,M-Michalek,J/CZE 2000/EXT 2001 (36)}) (5. Nc3 Ne7 6. d3 Ng6
7. h4 h5 8. e5 f6 9. Qe2 Qc7 10. exf6 gxf6 11. Bd2 d5 12. O-O-O Bd7 13. Kb1
O-O-O $44 {1/2-1/2 Klinova,M-Iordachescu,V/Wijk aan Zee NED 2002/The Week in
Chess 378 (49)}) (5. c4 Ne7 6. Nc3 Ng6 7. h4 h5 8. d3 e5 9. g3 d6 10. Qa4 Bd7
11. Nh2 Be7 12. Bd2 Nf8 13. Ne2 Ne6 $15 {0-1 Day,L-Nijboer,F/Amsterdam 2001/
CBM 83 ext (38)}) 5... Qc7 $5 {Interesting move. More popular is 5...Ne7. But
here black sometimes can push his "e" pawn: e6-e5 and to develop the knight to
f6.} (5... Ne7 6. O-O Ng6 7. Ng5 (7. Qe2 e5 (7... Be7 8. c4 e5 9. Nc3 O-O 10.
Be3 d6 11. Qc2 Bg4 12. Nd2 Bg5 $11 {1-0 Willmoth,R-Aarthie,R/Torquay 2002/CBM
91/[Hecht] (53)}) 8. c3 Ba6 9. a3 Bd6 10. b4 O-O 11. Be3 f5 12. Nbd2 f4 13.
Bxc5 $14 {1-0 Rozentalis,E-Kotronias,V/Cappelle la Grande FRA 2002/The Week in
Chess 380 (42)}) 7... e5 8. Qh5 Qf6 9. Nc3 d6 10. Ne2 h6 11. Nh3 Nh4 {[%csl
Rh3,Rh5]} 12. Ng5 Ng6 13. Nh3 Nh4 14. Ng5 Ng6 {1/2-1/2 Sokolov,A-Lautier,J/Val
d'Isere FRA 2002/The Week in Chess 408 (14)}) (5... d5 6. O-O Nf6 7. e5 Nd7 8.
Qe2 Be7 9. c4 O-O 10. Nc3 Qc7 11. Bf4 Ba6 12. Rfe1 Rae8 13. b3 $14 {[%csl Ra6]
[%cal Gh2h4,Gh4h5,Gh5h6] 1-0 Yandemirov,V-Lependin,A/Tomsk RUS 2002/The Week
in Chess 402 (39)}) (5... d6 {1-0 Yudasin,L-Bonin,J/New York 2001/CBM 84/
[Gershon] (48)}) 6. e5 $5 {White plays against black's passive light-squared
bishop, fixing black's pawns on the light squares. White tried also} (6. O-O e5
(6... d6 7. Nc3 Nf6 8. Qe2 Nd7 9. Ng5 h6 10. Nh3 e5 11. f4 exf4 12. Bxf4 Be7
13. Qf3 Bf6 14. Qg3 Ne5 15. Bd2 Qe7 16. Nf4 h5 17. h3 Be6 18. Nd1 g5 $40 {
0-1 Bhat,V-Milov,V/Andorra AND 2001/The Week in Chess 349 (34)}) 7. c3 Nf6 8.
Re1 Be7 9. d4 cxd4 10. cxd4 d6 $2 (10... exd4 11. e5 Nd5 12. Qxd4 O-O $14) 11.
dxe5 dxe5 12. b3 $16 {1-0 Skripchenko Lautier,A-Amura,C/Shenyang 2000/CBM 79 
(32)}) 6... f6 $1 7. Qe2 fxe5 8. Nxe5 Nf6 {Of course, currently is better to
develop the knight to f6.} 9. O-O Be7 (9... d6 10. Nc4 (10. Nf3 e5) 10... Be7
11. f4 {-the game.}) 10. f4 $1 {The opponents continue the struggle around the
black's light-squared bishop. Black wanted to push forward his "d" and "e"
pawns, thus, opening the c8-h3 diagonal for his bishop. Therefore, last
white's move seems to me very logical.} O-O 11. Nd2 {The advantage of this
move in comparison to Nc3, that white keeps option to occupy the f3 square by
the knight.} (11. Nc3 d6 12. Nc4) 11... d6 12. Nec4 {In my opinion, more
principal, than} (12. Nef3 {1/2-1/2 Yudasin,L-Tsesarsky,I/Ramat Aviv 2000/CBM
77/[Tsesarsky] (43)}) 12... Bd7 13. b3 Nd5 $146 {According to my database,
this position appeared for the first time. In the previous game black tried} (
13... Rae8 14. Bb2 Nd5 15. g3 Bf6 16. Bxf6 Nxf6 17. Rae1 Re7 18. Nf3 Be8 19.
Qd2 Qd7 20. d4 $14 {1-0 Horvath,Z-Schroter,T/HUN 1993/TD (51)}) 14. Ne4 Rf7 (
14... Rf5 {deserved attention.}) 15. g3 {strenghtening the f4 pawn.} a5 {
trying to create a counterplay on the queenside.} (15... Nb6 16. Bb2 Nxc4 17.
dxc4 $1 $14) 16. a3 ({Possible alternative is} 16. a4 Nb4 17. Bb2 d5 18. Ne5
dxe4 19. Nxf7 Kxf7 20. dxe4 $14) 16... a4 (16... Nb6 {comes to consideration.})
17. bxa4 Nb6 (17... Rxa4 18. Bd2 {[%cal Gf1b1]}) 18. Nxb6 Qxb6 19. c4 $1 {
preparing to occupy a big diagonal by the dark-squared bishop, and, at the
same time, fixing black's central pawns.} Rxa4 20. Bb2 Ra8 $6 {a little
dubious, as it allows white to push forward "a" pawn. Probably better was one
of the following continuations:} (20... Rf8 21. Rab1 (21. Ng5 Bxg5 22. fxg5
Raa8 $1 $15 {[%cal Ge6e5]}) 21... Qc7 $11) (20... Qd8 $5) (20... h6 $5) 21. Bc3
{preparing to occupy the "b" file.} ({Worse is} 21. Ng5 {in view of} Bxg5 22.
fxg5 Rxf1+ 23. Rxf1 e5) 21... h6 {covering the g5 square.} (21... d5 22. Ng5
Bxg5 23. fxg5 $14) 22. a4 $14 Qd8 {In my opinion, white has a slight advantage
in final position, thanks to a better located pieces and superior pawn
structure. In spite of the fact, that black has a pair of bishops, it doesn't
compensate white's positional advantages, as they are quite passive and the
position is quite closed.} (22... Qd8 23. a5 d5 24. Nf2 $14) (22... d5 23. Rfb1
Qd8 24. Nf2 $14) 1/2-1/2